00617cam a22002411 4500001001300000003000400013005001700017008004100034010001700075035002000092040001800112042001200130050002000142100002700162245003200189260001100221300002400232500001800256500002900274504002700303650002800330999001700358sa 67005116 DLC20260227112354.0900103s1964 ii b 000 0 malo  asa 67005116  a(OCoLC)20842797 aDLCcWaUdDLC apremarc00aP121b.S49 19641 aSebastian, Edamarth V.10aBhāṣāśāstr̲aṃ. c[1964] a147, [1] p.c18 cm. aIn Malayalam. aFirst published in 1922. aBibliography: p. [148] 0aLanguage and languages. c74978d74978